An introduction to lasers theory and applications (Record no. 194181)

000 -LEADER
fixed length control field 00427nam a2200145Ia 4500
008 - FIXED-LENGTH DATA ELEMENTS--GENERAL INFORMATION
fixed length control field 221229s9999 xx 000 0 und d
020 ## - INTERNATIONAL STANDARD BOOK NUMBER
International Standard Book Number 9788121920711
082 ## - DEWEY DECIMAL CLASSIFICATION NUMBER
Classification number 535.68 AVA
100 ## - MAIN ENTRY--PERSONAL NAME
Personal name Avadhanulu, M.N and Hemne, P.S
9 (RLIN) 14263
245 #3 - TITLE STATEMENT
Title An introduction to lasers theory and applications
260 ## - PUBLICATION, DISTRIBUTION, ETC.
Place of publication, distribution, etc. New Delhi
Name of publisher, distributor, etc. S.Chand and company Ltd.
Date of publication, distribution, etc. 2020
300 ## - PHYSICAL DESCRIPTION
Extent VII, 200p.
Other physical details Rs.225.00
650 ## - SUBJECT ADDED ENTRY--TOPICAL TERM
Topical term or geographic name entry element Physics
942 ## - ADDED ENTRY ELEMENTS (KOHA)
Koha item type
Holdings
Withdrawn status Lost status Damaged status Not for loan Home library Current library Date acquired Full call number Barcode Date last seen Price effective from Koha item type
        Central Library Central Library 12/29/2022 535.68 AVA 24694 12/29/2022 12/29/2022 Books

Powered by Koha